Statistics for Pink Sheet Quiz #2

Click here to take the quiz!

General Stats

  • This quiz has been taken 12 times
  • The average score is 17 of 39

Answer Stats

HintAnswer% Correct
ferrousFe+2
100%
ferricFe+3
100%
CyanideCN-
67%
CobalticCo+3
67%
MercuricHg+2
67%
NitriteNO2-
67%
NitrateNO3-
67%
oxideO-2
67%
hydroxideOH-
67%
PlumbicPb+4
67%
StannicSn+4
67%
sulfiteSO3-2
67%
sulfateSO4-2
67%
acetateC2H3O2-
33%
hypochloriteClO-
33%
ChloriteClO2-
33%
ChlorateClO3-
33%
perchlorateClO4-
33%
CobaltousCo+2
33%
carbonateCO3-2
33%
ChromousCr+2
33%
dichromateCr2O7-2
33%
ChromicCr+3
33%
chromateCrO4-2
33%
CuprousCu+
33%
CupricCu+2
33%
bicarbonateHCO3-
33%
MercurousHg2+2
33%
bisulfateHSO4-
33%
permanganateMnO4-
33%
AmmoniumNH4+
33%
peroxideO2-2
33%
PlumbousPb+2
33%
thiosulfateS2O3-2
33%
thiocyanateSCN-
33%
StannousSn+2
33%
arsenateAsO4-3
0%
phosphitePO3-3
0%
phosphatePO4-3
0%

Score Distribution

Percentile by Number Answered

Percent of People with Each Score

Your Score History

You have not taken this quiz